Olvasni mindenki megtanul-

Bibliographic Details
Main Authors: Cséfalvay, Eszter K., 1947- (ain), Németh, Katalin (Author, uin)
Format: Article
Language:Hungarian
Subjects:

MARC

LEADER 00000nab a2200000 a 4500
001 vtls000683262
003 SK-MaSNL
005 20260318122009.0
008 160405c1999 xo 0 hun
015 |a SNBRB1999/02-04349 
035 |a CLN000035429 
040 |a SNKBUCL  |b slo  |c SNKBUCL  |e AACR2 
041 0 |a hun 
044 |a xo  |c SK 
080 |a 376.3  |2 1997 
100 1 |a Cséfalvay, Eszter K.,  |d 1947-  |4 ain  |9 444935 
245 1 0 |a Olvasni mindenki megtanul-  |c K. Cséfalvay Eszter, Németh Katalin 
300 |b Fotogr. 
650 0 7 |a dyslexia  |2 snkbucl  |9 3734 
650 0 7 |a dysgrafia  |2 snkbucl  |9 3735 
655 7 |a články z novín a časopisov  |2 snkbucl  |9 267496 
700 1 |a Németh, Katalin  |4 aut  |4 uin  |9 1497853 
773 0 |t Új nő  |g Č. 2 (1999), s. 9-10 
850 |a Slovenská národná knižnica v Martine 
852 |a SNK  |b KIS3GCP 
958 |a HU 
958 |a SK 
958 |a RBX 
999 |c 2988921  |d 2990851